01165nam a2200337 a 4500003000900000005001700009008004100026020001800067040001300085245011200098260004400210300003600254490003200290500003300322500010300355500006600458504003900524650002400563650002300587650001600610650001300626650001900639650002500658653003100683653002300714653002400737700001700761700001500778700001600793700001800809AR-BaBNM20251128210405.0082120s2002 ||||||||||||||000 | spa|| a84-8198-087-0 cAR-BaBNM00aEducación ambientalbprograma de formación continua para maestros e inspectores de enseñanza primaria aBilbaobLos Libros de la Cataratac1995 a141 p.btablas, gráfs., mapas 0aEducación ambientalvv. 6 aContiene glosario p. 139-141 aEsta edición cuenta con el aval del Programa Internacional de Educación Ambiental Unesco-PNUMA aPNUMA: Programa de las Naciones Unidas para el Medio Ambiente aContiene bibliografía p. 135-138 4aEDUCACION AMBIENTAL 4aRECURSOS NATURALES 4aINSPECTORES 4aECOLOGIA 4aMEDIO AMBIENTE 4aMAESTROS DE PRIMARIA aFORMACION DOCENTE CONTINUA aEDUCACION PRIMARIA aTEMAS TRANSVERSALES1 aAtreya, B.D.1 aGill, J.S.1 aJangira, N.1 aGuru, Shri G.